| 000 | 01049nam a2200337Ia 4500 | ||
|---|---|---|---|
| 008 | 160803s9999 xx 000 0 und d | ||
| 020 | _a978-0545021326 | ||
| 100 | _aStilton, Geronimo | ||
| 245 | _aValley of the giant skeletons / | ||
| 245 | _cGeronimo Stilton ; illustrations by Claudio Cernuschi and Christian Aliprandi ; English translation by Edizioni Piemme S.p.A. | ||
| 260 | _aNew York : | ||
| 260 | _bScholastic Inc. | ||
| 260 | _c2008 | ||
| 300 | _a110 pages : | ||
| 300 | _bcolor illustrations, maps ; | ||
| 300 | _c20 cm. | ||
| 440 | _aGeronimo Stilton ; | ||
| 440 | _vbk. 32 | ||
| 500 | _aTranslation of: Valle degli Scheletri Giganti. | ||
| 650 | _aDinosaurs -- | ||
| 650 | _aGobi Desert (Mongolia and China) -- | ||
| 650 | _aMice -- | ||
| 650 | _aStilton, Geronimo (Fictitious character) -- | ||
| 650 | _aTreasure troves -- | ||
| 650 | _xFiction. | ||
| 650 | _xJuvenile fiction. | ||
| 650 | _xJuvenile fiction. | ||
| 650 | _xJuvenile fiction. | ||
| 650 | _xJuvenile fiction. | ||
| 700 | _a600 | ||
| 999 |
_c298267 _d298267 |
||